Countries with the Most Airports - Statistics

General Stats
  • This quiz has been taken 144 times
    48 since last reset
  • The average score is 15 of 20
Answer Stats
Airports Country % Correct
552 China
98%
905 Russia
98%
16,116 United States
98%
5,297 Brazil
96%
1,459 Canada
93%
1,218 France
91%
840 Germany
91%
1,580 Mexico
91%
1,057 United Kingdom
89%
764 Argentina
87%
2,257 Australia
87%
655 Italy
87%
365 Spain
85%
379 Chile
76%
556 Indonesia
76%
661 Colombia
70%
573 South Africa
52%
509 Venezuela
48%
368 Kenya
15%
569 Papua New Guinea
15%
No matching quizzes found
Score Distribution
Percent of People with Each Score
Percentile by Number Answered
Your Score History
You have not taken this quiz since the last reset